| 000 | 00767nam a22001937a 4500 | ||
|---|---|---|---|
| 005 | 20260113112028.0 | ||
| 008 | 220214b ||||| |||| 00| 0 eng d | ||
| 020 | _a978-9-71966710-0 (paperback) | ||
| 082 |
_22019 _aDFil 370.26 _bD351 |
||
| 100 |
_aDe Belen, Rustico T., author. _943913 |
||
| 245 |
_aEducation laws jurisprudence & governance / _cRustico T. De Belen. |
||
| 260 |
_aQuezon City : _bJobal Publishing House, _c[2019]. |
||
| 300 |
_avii, 582 pages ; _c23 cm. |
||
| 500 | _aEducation laws jurisprudence and governance | ||
| 650 |
_aEducation -- Philippines -- Law and legislation. _943930 |
||
| 650 |
_aSchools -- Administration -- Law and legislation _943931 |
||
| 650 |
_aEducational laws and legislation -- Philippines _943932 |
||
| 942 |
_2ddc _cDFIL |
||
| 999 |
_c16449 _d16449 |
||